| 000 | 01257nam a2200265 i 4500 | ||
|---|---|---|---|
| 001 | 66823 | ||
| 003 | ES-MaACL | ||
| 005 | 20230906165843.0 | ||
| 007 | t| | ||
| 008 | 040405s2003 sp ||||1| spa d | ||
| 080 | _a341.23"20"(061.3) | ||
| 245 | 0 | 4 |
_aLos nuevos escenarios internacionales y europeos del derecho y la seguridad / _cedición a cargo de, A. del Valle Gálvez. |
| 260 |
_aMadrid : _bEscuela Diplomática : _bAsociación Española de Profesores de Derecho Internacionaly Relaciones Internacionales, _c2003. |
||
| 300 |
_a252 p. ; _c24 cm. |
||
| 490 | 1 |
_aColección Escuela Diplomática ; _v7 |
|
| 500 | _aRecoge los contenidos de las Jornadas del mismo título celebradas los días 30 y 31 de mayo de 2002 en la sede de la Escuela Diplomática. | ||
| 650 | 1 | 4 |
_aSeguridad internacional- _vCongresos y asambleas. _917021 |
| 650 | 1 | 4 |
_aDerecho internacional- _vCongresos y asambleas. _911718 |
| 700 | 1 |
_aValle Gálvez, J. Alejandro. _9112789 |
|
| 710 | 2 |
_aAsociación Española de Profesores de Derecho Internacional y Relaciones Internacionales. _91681 |
|
| 710 | 2 |
_aEscuela Diplomática (España) _93563 |
|
| 830 | 0 |
_aColección Escuela Diplomática ; _v7 _9183052 |
|
| 852 |
_aES-MaACL _jL-27287 _bR.132899 |
||
| 999 |
_c66823 _d66823 |
||